Biggest US Cities Starting with S on a Map with Exceptions - Statistics

General Stats
  • This quiz has been taken 51 times
  • The average score is 17 of 26
Answers on the Map
Answers color-coded by a green-red scale on the quiz's map according to % correct below.
 
Answer Stats
Population City % Correct
749,256 Seattle
100%
170,067 Springfield
100%
154,064 Springfield
100%
113,273 Springfield
100%
528,001 Sacramento
96%
204,657 Salt Lake City
96%
148,004 Savannah
91%
230,160 Spokane
91%
177,487 Salem
89%
180,153 Shreveport
85%
202,078 Sioux Falls
85%
321,819 Stockton
80%
144,451 Syracuse
78%
243,050 Scottsdale
63%
103,110 South Bend
50%
136,188 Stamford
48%
107,325 Spokane Valley
43%
161,020 Salinas
39%
154,198 Surprise
39%
132,567 Sterling Heights
37%
109,226 Sparks
35%
107,763 Sandy Springs
33%
109,414 Sugar Land
30%
124,398 Simi Valley
28%
153,091 Sunnyvale
26%
111,158 South Fulton
24%
No matching quizzes found
Score Distribution
Percent of People with Each Score
Percentile by Number Answered
Your Score History
You have not taken this quiz